The origins of provincial autonomy : (Record no. 18550)

MARC details
000 -LEADER
fixed length control field 01118cam a22003131 4500
001 - CONTROL NUMBER
control field 7389813
003 - CONTROL NUMBER IDENTIFIER
control field BDDh-ASL
005 - DATE AND TIME OF LATEST TRANSACTION
control field 20231015025719.0
008 - FIXED-LENGTH DATA ELEMENTS--GENERAL INFORMATION
fixed length control field 790517s1941 ii b 001 0 eng
010 ## - LIBRARY OF CONGRESS CONTROL NUMBER
LC control number 42051239
035 ## - SYSTEM CONTROL NUMBER
System control number (OCoLC)4975867
040 ## - CATALOGING SOURCE
Original cataloging agency DLC
Transcribing agency MnU
Modifying agency BDDh-ASL
-- DLC
042 ## - AUTHENTICATION CODE
Authentication code premarc
043 ## - GEOGRAPHIC AREA CODE
Geographic area code a-ii---
045 ## - TIME PERIOD OF CONTENT
Time period code w6x1
050 00 - LIBRARY OF CONGRESS CALL NUMBER
Classification number JQ220.P7
Item number P7 1941
082 ## - DEWEY DECIMAL CLASSIFICATION NUMBER
Classification number 954
Item number PRO
100 1# - MAIN ENTRY--PERSONAL NAME
Personal name Prasad, Bisheshwar.
245 14 - TITLE STATEMENT
Title The origins of provincial autonomy :
Remainder of title being a history of the relations between the central government and the provincial governments in British India from 1860 to 1919/
Statement of responsibility, etc. By Bisheshwar Prasad.
260 ## - PUBLICATION, DISTRIBUTION, ETC.
Place of publication, distribution, etc. Allahabad,
Name of publisher, distributor, etc. Kitabistan,
Date of publication, distribution, etc. 1941.
300 ## - PHYSICAL DESCRIPTION
Extent ii, 428 p. :
Dimensions 23 cm.
500 ## - GENERAL NOTE
General note "First published in 1941."
502 ## - DISSERTATION NOTE
Dissertation note "Thesis approved for the degree of doctor of letters in the University of Allahabad, 1936."
504 ## - BIBLIOGRAPHY, ETC. NOTE
Bibliography, etc. note Bibliography: p. [377]-392.
650 #0 - SUBJECT ADDED ENTRY--TOPICAL TERM
Topical term or geographic name entry element Constitutional history
Geographic subdivision India.
651 #0 - SUBJECT ADDED ENTRY--GEOGRAPHIC NAME
Geographic name India
General subdivision Politics and government
Chronological subdivision 1765-1947.
906 ## - LOCAL DATA ELEMENT F, LDF (RLIN)
a 7
b cbc
c oclcrpl
d u
e ncip
f 19
g y-gencatlg
942 ## - ADDED ENTRY ELEMENTS (KOHA)
Source of classification or shelving scheme Dewey Decimal Classification
Koha item type Books
Holdings
Withdrawn status Lost status Source of classification or shelving scheme Damaged status Not for loan Collection code Home library Current library Shelving location Date acquired Total Checkouts Full call number Barcode Date last seen Copy number Price effective from Koha item type Public note
    Dewey Decimal Classification   Not For Loan Non-fiction Asiatic Society Library Asiatic Society Library Harrison Collection 10/13/2020   954 PRO 101742 10/13/2020 C-1 10/13/2020 Books RARE

Powered by Koha